000 00625cam a22002173a 4500
001 42936
003 PGUSA
005 20140828083956.0
008 130613s2013||||xxu|||||s|||||000 | eng d
040 _aPGUSA
_beng
042 _adc
100 1 _aDelaborde, Henri
245 1 0 _aEngraving :
_bIts Origin, Processes, and History
_h[electronic resource] /
_cHenri Delaborde
260 _bProject Gutenberg,
_c2013
506 _aPublic domain in the USA.
516 _aElectronic text
700 1 _aStevenson, R. A. M.
830 0 _aProject Gutenberg
_v42936
856 4 0 _uhttp://www.gutenberg.org/ebooks/42936
942 _cEB
999 _c272188
_d272188